000 00311nam a2200133Ia 4500
008 210312s9999||||xx |||||||||||||| ||und||
041 _aosm
050 _aJQ1805
050 _bT35
100 _aMahmud Sadık
245 0 _aTakvimden yapraklar
260 _c1329
650 _aTürkiye--Siyaset ve yönetim--1909-
999 _c22020
_d22020